• 首页
  • 本馆介绍
  • 公告通知
  • 最新文献
  • 馆藏检索
  • 电子资源
  • 读者导购
  • 参考咨询
  • 我的图书馆
  • 登录
  • 详细信息显示
  • 放入我的书架
  • 预约/预借图书
  • 作者相关作品
  • 分类相关作品
  • 丛书相关作品
  • 出版社相关作品

书目信息

  • 表格格式
  • 工作单格式
  • 卡片格式
题名:
资本项目外汇业务操作指引
    
 
作者: ;国家外汇管理局资本项目管理司 编
分册:  
出版信息: 北京   中国金融出版社  2013.10
页数: 286页
开本: 23cm
丛书名:
单 册:
中图分类: F830.73
科图分类:
主题词: 外汇业务
电子资源:
ISBN: 978-7-5049-7154-8
000 00781nam0 2200217 45
001 523
005 20140909102524.03
010    @a978-7-5049-7154-8@dCNY55.00
100    @a20131205d2013 ekmy0chiy0120 ea
101 0  @achi
102    @aCN@b110000
105    @ay z 000yy
106    @ar
200 1  @a资本项目外汇业务操作指引@AZi Ben Xiang Mu Wai Hui Ye Wu Cao Zuo Zhi Yin@e2013年版@E2013 Nian Ban@f国家外汇管理局资本项目管理司编@FGuo Jia Wai Hui Guan Li Ju Zi Ben Xiang Mu Guan Li Si Bian
210    @a北京@c中国金融出版社@d2013.10
215    @a286页@d23cm
606 0  @a外汇业务
690    @aF830.73@v4
711 02 @a国家外汇管理局资本项目管理司@AGuo Jia Wai Hui Guan Li Ju Zi Ben Xiang Mu Guan Li Si@4编
801  0 @aCN@bTANGWEI@c20140603
905    @b0838744-46@dF830.73@e270@f3
    
    资本项目外汇业务操作指引:2013年版/国家外汇管理局资本项目管理司编.-北京:中国金融出版社,2013.10
    286页;23cm
    
    
    ISBN 978-7-5049-7154-8:CNY55.00
    
●
相关链接 在E读中查询图书 在五车中查询图书 在当当中查询图书 在豆瓣中查询图书


正题名:资本项目外汇业务操作指引     索取号:F830.73/270         预约/预借

序号 登录号 条形码 馆藏地/架位号 状态 备注
1 0838744   208387440   第一样本阅览室/ [索取号:F830.73/270] 在馆    
2 0838745   208387459   第一借阅区/ [索取号:F830.73/270] 在馆    
3 0838746   208387468   密集书库-海洋学院/ [索取号:F830.73/270] 在馆    
唐山师范学院图书馆 欢迎您!
大连网信软件有限公司© 版权所有